Microbiology and infection prevention and control for nursing students (Record no. 32070)

MARC details
000 -LEADER
fixed length control field 01096nam a2200289 a 4500
008 - FIXED-LENGTH DATA ELEMENTS--GENERAL INFORMATION
fixed length control field 170526s2016 ||||||||||||||||| || u
010 ## - LIBRARY OF CONGRESS CONTROL NUMBER
LC control number 2015955830
020 ## - INTERNATIONAL STANDARD BOOK NUMBER
International Standard Book Number 9781473925342
020 ## - INTERNATIONAL STANDARD BOOK NUMBER
International Standard Book Number 9781473925359 (pbk)
020 ## - INTERNATIONAL STANDARD BOOK NUMBER
International Standard Book Number 1473925355 (pbk)
020 ## - INTERNATIONAL STANDARD BOOK NUMBER
International Standard Book Number 1473925347
050 ## - LIBRARY OF CONGRESS CALL NUMBER
Classification number RA 761 War
100 ## - MAIN ENTRY--PERSONAL NAME
Personal name Ward, Deborah
245 10 - TITLE STATEMENT
Title Microbiology and infection prevention and control for nursing students
Statement of responsibility, etc. Deborah Ward
Medium [unmediated]
260 ## - PUBLICATION, DISTRIBUTION, ETC.
Place of publication, distribution, etc. Los Angeles:
Name of publisher, distributor, etc. SAGE Publications
Date of publication, distribution, etc. 2016
300 ## - PHYSICAL DESCRIPTION
Extent ix, 187 pages.: illustrations
350 ## -
-- 37.00
490 ## -
-- Transforming nursing practice
500 ## - GENERAL NOTE
General note Includes bibliographical references (pages 175-179) and index.
650 #3 - SUBJECT ADDED ENTRY--TOPICAL TERM
Topical term or geographic name entry element MICROBIOLOGICAL PHENOMENA
650 #0 - SUBJECT ADDED ENTRY--TOPICAL TERM
Topical term or geographic name entry element MEDICAL MICROBIOLOGY
650 #0 - SUBJECT ADDED ENTRY--TOPICAL TERM
Topical term or geographic name entry element INFECTION--PREVENTION
650 #3 - SUBJECT ADDED ENTRY--TOPICAL TERM
Topical term or geographic name entry element INFECTION CONTROL
650 #0 - SUBJECT ADDED ENTRY--TOPICAL TERM
Topical term or geographic name entry element NOSOCOMIAL INFECTIONS--PREVENTION
995 ## -
-- MICHAEL CHILUFYA SATA OPEN ACCESS
-- 904054
-- CBU-SCHOOL OF MEDICINE LIBRARY (Ndola)
-- 37.00
-- RA 761 War
-- 1
-- AVAILABLE
-- May 24, 2017
-- 904054
-- Medical Library Open Access Collection
999 ## -
-- 32070
-- 32070
Holdings
Withdrawn status Lost status Source of classification or shelving scheme Damaged status Not for loan Permanent Location Current Location Shelving location Date acquired Total Checkouts Full call number Barcode Date last seen Price effective from Koha item type
          CBU-SCHOOL OF MEDICINE LIBRARY, NDOLA. CBU-SCHOOL OF MEDICINE LIBRARY, NDOLA.   11/30/2022   RA 761 War 904054 11/30/2022 11/30/2022 MONOGRAPH